000 00417nam a2200145Ia 4500
003 OSt
005 20260127113110.0
008 211028s2017 xx 000 0 und d
040 _cAIMIT LIBRARY
041 _aeng
100 _aRakesh, P; Kudtarkar, Ravi.
_g1516114
_97689
245 _aStudy on customer perception towards big bazar at Shivamogga /
260 _aMangalore
_bRavi Kudtarkar.
_c2017
942 _2ddc
_cPRO
999 _c219257
_d219257